Library Catalog

Strategic programme communication and the new media drift / (Record no. 492480)

MARC details
000 -LEADER
fixed length control field 01051nam a22002417a 4500
003 - CONTROL NUMBER IDENTIFIER
control field OSt
005 - DATE AND TIME OF LATEST TRANSACTION
control field 20260506093525.0
008 - FIXED-LENGTH DATA ELEMENTS--GENERAL INFORMATION
fixed length control field 260506b |||||||| |||| 00| 0 eng d
020 ## - INTERNATIONAL STANDARD BOOK NUMBER
International Standard Book Number 9789966693747
040 ## - CATALOGING SOURCE
Original cataloging agency Kenya National Library Service
082 ## - DEWEY DECIMAL CLASSIFICATION NUMBER
Classification number 658.45 MBI
100 ## - MAIN ENTRY--PERSONAL NAME
Personal name Mbithi, Isaac N.
Relator term author
245 ## - TITLE STATEMENT
Title Strategic programme communication and the new media drift /
Statement of responsibility, etc. Issac N. Mbithi
300 ## - PHYSICAL DESCRIPTION
Extent vii, 88 pages :
Other physical details illustrations ;
Dimensions 21 cm
504 ## - BIBLIOGRAPHY, ETC. NOTE
Bibliography, etc. note Includes bibliographical references
520 ## - SUMMARY, ETC.
Summary, etc. Programme communication is a less developed field of study, as its often assumed to be a component of the broader communication studies. Ufortunately,most programme managers who are expected to spearhead programme communication have limited or no communication studies background.
650 ## - SUBJECT ADDED ENTRY--TOPICAL TERM
Topical term or geographic name entry element Communication in Management
650 ## - SUBJECT ADDED ENTRY--TOPICAL TERM
Topical term or geographic name entry element Project management
Form subdivision Communication
650 ## - SUBJECT ADDED ENTRY--TOPICAL TERM
Topical term or geographic name entry element Digital Media
942 ## - ADDED ENTRY ELEMENTS (KOHA)
Source of classification or shelving scheme Dewey Decimal Classification
Koha item type Books
Suppress in OPAC No
Holdings
Withdrawn status Source of classification or shelving scheme Damaged status Not for loan Home library Current library Date acquired Source of acquisition Cost, normal purchase price Total checkouts Full call number Barcode Date last seen Price effective from Koha item type
  Dewey Decimal Classification     Nakuru Library Acquisition, Cataloguing, Classification and Distribution Development 05/06/2026 Donation 800.00   658.45 MBI B237486 05/06/2026 05/06/2026 Books

© 2025, Kenya National Library Service | Designed & Maintained by Uvumbuzi Center